Doing Daily Battle (Record no. 9803)

MARC details
000 -LEADER
fixed length control field 00593nam a2200229 a 4500
020 ## - INTERNATIONAL STANDARD BOOK NUMBER
ISBN 0813577
082 00 - DEWEY DECIMAL CLASSIFICATION NUMBER
Classification number 305.420962
Author Cutter MER
100 ## - MAIN ENTRY--AUTHOR NAME
Author name Mernissi, Fatima
245 ## - TITLE STATEMENT
Title Doing Daily Battle
Sub title Interview With Moroco Women.
260 ## - PUBLICATION, DISTRIBUTION, ETC. (IMPRINT)
Place of publication New Jersey
Name of publisher Rutgers University Press
Year of publication 1989
300 ## - PHYSICAL DESCRIPTION
Number of Pages 224p
500 ## - GENERAL NOTE
General note includes index and biblioraphy
505 2# - FORMATTED CONTENTS NOTE
Formatted contents note glossary
650 ## - SUBJECT ADDED ENTRY--TOPICAL TERM
Topical Term Women-Morocco
942 ## - ADDED ENTRY ELEMENTS (KOHA)
Koha item type Books
Holdings
Collection code Home library Current library Date acquired Cost, normal purchase price Full call number Accession Number Koha item type
  Henry Martyn Institute Library Henry Martyn Institute Library 03/23/2007 100.00 305.420962 MER 019873 Books
                   Copyright © 2026 | Henry Martyn Institute | Hyderabad | TS-500052 | INDIA | Implemented by hmi.edu.in
Hit-Count:

Powered by Koha